Impact of population aging on youth wages in Japan Evidence from Japanese panel data

Bibliográfiai részletek
Szerző: Csiszár Csenge
Dokumentumtípus: Könyv része
Megjelent: Budapesti Gazdaságtudományi Egyetem Budapest, Magyarország 2026
Sorozat:Researchers’ Day Conference Proceedings – Budapest University of Economics and Business 2025
Tárgyszavak:
doi:10.29180/978-615-6886-26-2_6

Kulcsszavak:Ageing
Labor
Wages
Population
Japan
Online Access:http://publikaciotar.uni-bge.hu/2628

MARC

LEADER 00000naa a2200000 i 4500
001 publ2628
005 20260325082025.0
008 260324s2026 hu o 000 zxx d
020 |a 978-615-6886-26-2 
024 |a 10.29180/978-615-6886-26-2_6  |2 doi 
040 |a BGE Publikációtár Repozitórium  |b hun 
100 1 |a Csiszár Csenge 
245 1 0 |a Impact of population aging on youth wages in Japan  |b Evidence from Japanese panel data  |c Csiszár Csenge  |h [elektronikus dokumentum] 
260 |a Budapesti Gazdaságtudományi Egyetem  |b Budapest, Magyarország  |c 2026 
300 |a 1-16 
490 0 |a Researchers’ Day Conference Proceedings – Budapest University of Economics and Business 2025 
650 4 |a regionális tudományok 
695 |a Ageing 
695 |a Labor 
695 |a Wages 
695 |a Population 
695 |a Japan 
856 4 0 |u https://publikaciotar.uni-bge.hu/id/eprint/2628/1/KUTAT%C3%93I%20NAP%202025%20-%20Full%20edition%20%28revised%29_6%20cikk.pdf  |z Dokumentum-elérés